000
00333nam a2200133Ia 4500
008
240624s9999 xx 000 0 und d
041
_a
eng
082
_a
658.45 HOL
100
_a
HOLSTON DAVID
245
_a
SHOW ME DON T TELL ME VISUALIZING COMMUN
260
_c
2015
_a
Ohio
_b
HOW Books
300
_a
220 p.; 17 cm.
365
_c
_b
38
999
_c
29152
_d
29152